000 00291nam a22001337a 4500
008 210310b ||||| |||| 00| 0 eng d
041 _aeng
080 _a82
082 _a82
100 _a23
101 _aGJL
245 _aVarieties of Literary Experience
_cBurnshaw,S
942 _2udc
_cBK
999 _c56195
_d56195